Morality for beautiful girls / (Record no. 234823)
[ view plain ]
| 000 -LEADER | |
|---|---|
| fixed length control field | 01391cam a2200361 a 4500 |
| 001 - CONTROL NUMBER | |
| control field | 12489466 |
| 003 - CONTROL NUMBER IDENTIFIER | |
| control field | Nust |
| 005 - DATE AND TIME OF LATEST TRANSACTION | |
| control field | 20170330200452.0 |
| 008 - FIXED-LENGTH DATA ELEMENTS--GENERAL INFORMATION | |
| fixed length control field | 010618s2001 stk 000 1 eng |
| 010 ## - LIBRARY OF CONGRESS CONTROL NUMBER | |
| LC control number | 2001411793 |
| 015 ## - NATIONAL BIBLIOGRAPHY NUMBER | |
| National bibliography number | GBA1-35891 |
| 020 ## - INTERNATIONAL STANDARD BOOK NUMBER | |
| International Standard Book Number | 9780349117003 |
| 035 ## - SYSTEM CONTROL NUMBER | |
| System control number | (Uk)0748662979 |
| 035 ## - SYSTEM CONTROL NUMBER | |
| System control number | (UkENL)E3323113 |
| 035 ## - SYSTEM CONTROL NUMBER | |
| System control number | (CStRLIN)UKBPGBA135891-B |
| 040 ## - CATALOGING SOURCE | |
| Original cataloging agency | UkENL |
| Transcribing agency | UkENL |
| Modifying agency | Uk |
| -- | DLC |
| 043 ## - GEOGRAPHIC AREA CODE | |
| Geographic area code | f-bs--- |
| 050 00 - LIBRARY OF CONGRESS CALL NUMBER | |
| Classification number | PR6063.C326 |
| Item number | M67 2001 |
| 082 00 - DEWEY DECIMAL CLASSIFICATION NUMBER | |
| Classification number | 823.914 |
| Author Mark | SMI |
| 100 1# - MAIN ENTRY--PERSONAL NAME | |
| Personal name | McCall Smith, Alexander, |
| Dates associated with a name | 1948- |
| 245 10 - TITLE STATEMENT | |
| Title | Morality for beautiful girls / |
| Statement of responsibility, etc. | Alexander McCall Smith. |
| 260 ## - PUBLICATION, DISTRIBUTION, ETC. | |
| Place of publication, distribution, etc. | Edinburgh : |
| Name of publisher, distributor, etc. | Polygon, |
| Date of publication, distribution, etc. | 2001. |
| 300 ## - PHYSICAL DESCRIPTION | |
| Extent | 246 p. ; |
| Dimensions | 22 cm. |
| 500 ## - GENERAL NOTE | |
| General note | "More from the No. 1 Ladies' Detective Agency"--Cover. |
| 600 10 - SUBJECT ADDED ENTRY--PERSONAL NAME | |
| Personal name | Ramotswe, Precious |
| Titles and other words associated with a name | (Fictitious character) |
| Form subdivision | Fiction. |
| 650 #0 - SUBJECT ADDED ENTRY--TOPICAL TERM | |
| Topical term or geographic name entry element | Women private investigators |
| Geographic subdivision | Botswana |
| Form subdivision | Fiction. |
| 650 #0 - SUBJECT ADDED ENTRY--TOPICAL TERM | |
| Topical term or geographic name entry element | Beauty contests |
| Form subdivision | Fiction. |
| 650 #0 - SUBJECT ADDED ENTRY--TOPICAL TERM | |
| Topical term or geographic name entry element | No. 1 Ladies' Detective Agency (Imaginary organization) |
| Form subdivision | Fiction. |
| 651 #0 - SUBJECT ADDED ENTRY--GEOGRAPHIC NAME | |
| Geographic name | Botswana |
| Form subdivision | Fiction. |
| 655 #7 - INDEX TERM--GENRE/FORM | |
| Genre/form data or focus term | Mystery fiction. |
| Source of term | gsafd |
| 906 ## - LOCAL DATA ELEMENT F, LDF (RLIN) | |
| a | 7 |
| b | cbc |
| c | origres |
| d | 3 |
| e | ncip |
| f | 20 |
| g | y-gencatlg |
| 942 ## - ADDED ENTRY ELEMENTS (KOHA) | |
| Source of classification or shelving scheme | |
| Koha item type | Book |
| Withdrawn status | Lost status | Source of classification or shelving scheme | Damaged status | Not for loan | Collection code | Permanent Location | Current Location | Shelving location | Date acquired | Total Checkouts | Full call number | Barcode | Date last seen | Date last checked out | Copy number | Price effective from | Koha item type |
|---|---|---|---|---|---|---|---|---|---|---|---|---|---|---|---|---|---|
| Central Library (CL) | Central Library (CL) | Fiction | 03/30/2017 | 1 | 823.914 SMI | CL976 | 12/13/2024 | 12/04/2020 | 1 | 03/30/2017 | Book |
